[Event "Mecklenburg VP LL2 Ost 2223"]
[Site "Mecklenburg VP"]
[Date "2022.11.06"]
[Round "2.8"]
[White "Pitz, Marko"]
[Black "Betke, Arno"]
[Result "1-0"]
[WhiteElo "1663"]
[BlackElo "1734"]
[PlyCount "77"]
[EventDate "2022.10.23"]
[EventType "team-tourn"]
[EventRounds "9"]
[EventCountry "GER"]
[SourceTitle "EXT 2024"]
[Source "ChessBase"]
[SourceDate "2023.10.10"]
[SourceVersion "1"]
[SourceVersionDate "2023.10.10"]
[SourceQuality "1"]
[WhiteTeam "Greifswald II"]
[BlackTeam "Neubrandenburg II"]
[WhiteTeamCountry "GER"]
[BlackTeamCountry "GER"]

1. d4 e6 2. e4 d5 3. Nc3 dxe4 4. f3 Nf6 5. fxe4 Be7 6. Nf3 b6 7. Bd3 Bb7 8. 0-0 0-0 9. Be3 Nbd7 10. Kh1 c5 11. e5 Nd5 12. Bf2 cxd4 13. Bxd4 Bc5 14. Qe2 Nf4 15. Qd2 Nxd3 16. Qxd3 Bxd4 17. Qxd4 Qe7 18. Qd6 Qxd6 19. exd6 a6 20. Rad1 Rac8 21. Rd2 f6 22. Ne2 Rc5 23. Nf4 Bd5 24. b3 g5 25. Nxd5 exd5 26. Rfd1 Rfc8 27. Nd4 Kf7 28. h3 Ne5 29. Rf1 Rd8 30. Nf5 Ke6 31. Rdf2 Nd7 32. Re1+ Ne5 33. Nd4+ Kf7 34. Rxe5 Rxd6 35. Rxg5 Rc7 36. Rgf5 Re7 37. Kh2 Re4 38. Nf3 d4 39. Ng5+ 1-0

[Event "Vellmar op-B 5th"]
[Site "Vellmar"]
[Date "2013.07.27"]
[Round "5"]
[White "Cotenescu, Daniel"]
[Black "Pitz, Marko"]
[Result "1-0"]
[WhiteElo "2000"]
[BlackElo "1693"]
[PlyCount "93"]
[EventDate "2013.07.25"]
[EventType "swiss"]
[EventRounds "7"]
[EventCountry "GER"]
[SourceTitle "EXT 2015"]
[Source "ChessBase"]
[SourceDate "2014.11.20"]
[SourceVersion "1"]
[SourceVersionDate "2014.11.20"]
[SourceQuality "1"]

1. e4 d5 2. exd5 c6 3. Nf3 Nf6 4. d4 cxd5 5. Be2 Bf5 6. c3 a6 7. Nh4 e6 8. Nxf5 exf5 9. Qc2 Ne4 10. 0-0 Be7 11. f3 Nd6 12. Bf4 Qd7 13. Bd3 Nc6 14. Re1 Rc8 15. Qe2 0-0 16. Nd2 Rfe8 17. Qf2 Nd8 18. Nb3 Ne6 19. Be5 Nc4 20. Bxf5 Nxe5 21. Rxe5 Bd6 22. Re2 Qc7 23. g3 Re7 24. Rae1 Rce8 25. f4 a5 26. Qf3 g6 27. Bh3 a4 28. Nc1 Nxd4 29. cxd4 Rxe2 30. Nxe2 Qc2 31. Bf1 Qxb2 32. Qxd5 Qd2 33. Rc1 Bb8 34. Qxb7 Kg7 35. Rb1 h5 36. Rb2 Qe3+ 37. Kg2 Bd6 38. Qf3 Qe6 39. Rc2 Bb4 40. Nc1 Qf5 41. Bd3 Qa5 42. Ne2 Bd2 43. Rc5 Qa7 44. Re5 Rb8 45. f5 Rb2 46. fxg6 fxg6 47. Qe4 1-0

[Event "Mecklenburg VP-ch"]
[Site "Greifswald"]
[Date "2011.10.30"]
[Round "6.10"]
[White "Pitz, Marko"]
[Black "Kriese, Ralf"]
[Result "0-1"]
[WhiteElo "1697"]
[BlackElo "1820"]
[PlyCount "108"]
[EventDate "2011.10.28"]
[EventType "swiss"]
[EventRounds "7"]
[EventCountry "GER"]
[SourceTitle "EXT 2022"]
[Source "ChessBase"]
[SourceDate "2021.10.06"]
[SourceVersion "1"]
[SourceVersionDate "2021.10.06"]
[SourceQuality "1"]

1. d4 d5 2. e4 dxe4 3. Nc3 Nf6 4. f3 exf3 5. Qxf3 c6 6. h3 g6 7. Be3 Bg7 8. 0-0-0 e6 9. Bd3 0-0 10. Bg5 Nbd7 11. Ne4 h6 12. Bd2 Nxe4 13. Qxe4 Qb6 14. c3 e5 15. Bc4 exd4 16. Nf3 dxc3 17. Bxc3 Bxc3 18. Qxg6+ Bg7 19. b3 Qe3+ 20. Kb1 Ne5 21. Rhe1 Nxg6 22. Rxe3 Bf5+ 23. Kc1 Rad8 24. Rde1 h5 25. g4 hxg4 26. hxg4 Bxg4 27. Ng5 Bh6 28. Rg3 Bxg5+ 29. Kb2 Bf6+ 30. Ka3 Bh4 31. Rxg4 Bxe1 32. Rxg6+ Kh7 33. Rg1 Bd2 34. Rg3 f5 35. Rh3+ Kg6 36. Rg3+ Kf6 37. Rf3 f4 38. Rh3 b5 39. Be2 a5 40. Rh6+ Kg5 41. Rxc6 f3 42. Bxb5 f2 43. Bf1 Bb4+ 44. Ka4 Rd1 45. a3 Rxf1 46. axb4 Ra1+ 47. Kb5 f1Q+ 48. Kb6 axb4 49. Rc5+ Rf5 50. Rc4 Qf2+ 51. Kc7 Qa7+ 52. Kd6 Ra6+ 53. Rc6 Qc5+ 54. Kd7 Rf7+ 0-1

[Event "Solingen Karneval op"]
[Site "Solingen"]
[Date "2010.02.13"]
[Round "3"]
[White "Biedekoepper, Robert"]
[Black "Pitz, Marko"]
[Result "1-0"]
[WhiteElo "2105"]
[BlackElo "1697"]
[PlyCount "85"]
[EventDate "2010.02.12"]
[EventType "swiss"]
[EventRounds "5"]
[EventCountry "GER"]
[SourceTitle "CBM 134 Extra"]
[Source "ChessBase"]
[SourceDate "2010.03.03"]
[SourceVersion "1"]
[SourceVersionDate "2010.03.03"]
[SourceQuality "1"]

1. c4 f5 2. g3 Nf6 3. Bg2 e6 4. b3 Be7 5. Bb2 d6 6. d4 0-0 7. Nd2 f4 8. Nh3 fxg3 9. hxg3 Nc6 10. Nf3 Ne4 11. Qc2 d5 12. Ne5 Bb4+ 13. Kd1 Qf6 14. Bxe4 dxe4 15. Qxe4 Qf5 16. Qxf5 exf5 17. Nxc6 bxc6 18. c5 Rd8 19. Kc2 Re8 20. e3 f4 21. Nxf4 Bf5+ 22. Kc1 Be4 23. Rg1 Rf8 24. a3 g5 25. Nh3 Bf5 26. g4 Be4 27. axb4 h6 28. f4 Rae8 29. Rxa7 Bd5 30. Kd2 Bxb3 31. d5 Rf7 32. dxc6 Rd8+ 33. Bd4 gxf4 34. Nxf4 Rxf4 35. exf4 Rxd4+ 36. Kc3 Rxf4 37. Kxb3 Rf3+ 38. Ka4 Rf2 39. Kb5 Rf7 40. g5 hxg5 41. Rxg5+ Kh7 42. Ra1 Kh6 43. Rg2 1-0

[Event "Berlin op 05"]
[Site "Berlin"]
[Date "2006.05.25"]
[Round "3"]
[White "Vyelina, Valeriya"]
[Black "Pitz, Marko"]
[Result "1/2-1/2"]
[WhiteElo "1224"]
[BlackElo "1439"]
[PlyCount "60"]
[EventDate "2006.05.24"]
[EventType "swiss"]
[EventRounds "7"]
[EventCountry "GER"]
[SourceTitle "EXT 2007"]
[Source "ChessBase"]
[SourceDate "2006.11.23"]
[SourceVersion "1"]
[SourceVersionDate "2006.11.23"]
[SourceQuality "1"]

1. e4 e5 2. Nf3 f5 3. Nc3 Nc6 4. d4 fxe4 5. Nxe4 d5 6. Nc5 e4 7. Ng1 Nf6 8. f3 Nh5 9. fxe4 Qh4+ 10. g3 Nxg3 11. Nf3 Qh5 12. Rg1 Nxf1 13. Rxf1 Bxc5 14. dxc5 0-0 15. Qxd5+ Qxd5 16. exd5 Nb4 17. Nd4 Rxf1+ 18. Kxf1 Bh3+ 19. Ke2 Nxd5 20. c4 Nf6 21. Bf4 c6 22. Rg1 Re8+ 23. Kd3 Bg4 24. Bg5 Ne4 25. Bh4 Nxc5+ 26. Kc3 Re3+ 27. Kb4 Na6+ 28. Ka5 Bh5 29. Nxc6 Re4 30. Bg3 Rxc4 1/2-1/2

[Event "Mecklenburg VP LL1 0506"]
[Site "Mecklenburg VP"]
[Date "2006.02.19"]
[Round "7.6"]
[White "Nickel, Udo"]
[Black "Pitz, Marko"]
[Result "1/2-1/2"]
[WhiteElo "1706"]
[BlackElo "1433"]
[PlyCount "108"]
[EventDate "2005.10.23"]
[EventType "team"]
[EventRounds "9"]
[EventCountry "GER"]
[SourceTitle "EXT 2008"]
[Source "ChessBase"]
[SourceDate "2007.11.25"]
[SourceVersion "1"]
[SourceVersionDate "2007.11.25"]
[SourceQuality "1"]
[WhiteTeam "Saal Waterkant"]
[BlackTeam "Greifswald II"]
[WhiteTeamCountry "GER"]
[BlackTeamCountry "GER"]

1. d4 d5 2. c4 e6 3. Nc3 Nf6 4. Bg5 Nc6 5. e3 Be7 6. Nf3 b6 7. Qa4 Bd7 8. Qd1 0-0 9. Rc1 Rc8 10. Bxf6 Bxf6 11. cxd5 exd5 12. Nxd5 Nb8 13. Nxf6+ Qxf6 14. Ne5 Bf5 15. Bd3 Bxd3 16. Qxd3 c5 17. Nf3 cxd4 18. Rxc8 Rxc8 19. 0-0 dxe3 20. fxe3 Rd8 21. Qb3 Qe7 22. Ne5 Rf8 23. Qd5 Na6 24. a3 Nc7 25. Qd4 Ne6 26. Qc3 Qc5 27. Rc1 Rc8 28. Qxc5 Rxc5 29. Rxc5 Nxc5 30. Nc6 a5 31. Ne7+ Kf8 32. Nd5 Nd7 33. Kf2 f6 34. Ke2 Kf7 35. e4 Ke6 36. Ke3 Kd6 37. Kd4 Kc6 38. Ne7+ Kb5 39. b3 Ne5 40. Nf5 g6 41. Nd6+ Kc6 42. Ne8 Nd7 43. g4 g5 44. h3 b5 45. b4 a4 46. Kc3 Kb6 47. Kd3 Kb7 48. Nd6+ Kc6 49. Ne8 Kb7 50. Kd4 Kc6 51. Ng7 Kd6 52. Nf5+ Ke6 53. Ne3 Kd6 54. Nd5 Kc6 1/2-1/2

[Event "Greifswald Ryck op"]
[Site "Greifswald"]
[Date "2004.08.26"]
[Round "2"]
[White "Zimmermann, Gordon"]
[Black "Pitz, Marko"]
[Result "1/2-1/2"]
[WhiteElo "1610"]
[BlackElo "1352"]
[PlyCount "120"]
[EventDate "2004.08.26"]
[EventType "swiss"]
[EventRounds "7"]
[EventCountry "GER"]
[SourceTitle "EXT 2023"]
[Source "ChessBase"]
[SourceDate "2022.10.05"]
[SourceVersion "1"]
[SourceVersionDate "2022.10.05"]
[SourceQuality "1"]

1. e4 d5 2. exd5 Nf6 3. d4 Nxd5 4. c4 Nf6 5. Nf3 Bf5 6. Nc3 e6 7. Bg5 Be7 8. Bd3 Bg4 9. Be2 c6 10. 0-0 0-0 11. Qd2 Bb4 12. Qf4 Bf5 13. Nh4 Bd6 14. Qe3 h6 15. Nxf5 exf5 16. Bh4 Nbd7 17. Bg3 Bxg3 18. fxg3 Ng4 19. Qd2 Ndf6 20. Rxf5 Re8 21. h3 Ne5 22. Rd1 Ng6 23. Qc2 Re3 24. Rf3 Qe7 25. Qd2 Re8 26. Rxe3 Qxe3+ 27. Qxe3 Rxe3 28. Rd3 Re7 29. Bf3 Kf8 30. Kf2 Rd7 31. Na4 Ne8 32. Nc5 Re7 33. Re3 Nd6 34. Rxe7 Nxe7 35. b3 Ke8 36. g4 Kd8 37. Ke3 Kc7 38. Nd3 f6 39. Nf4 Kd7 40. Nh5 Ne8 41. Be4 g6 42. Nf4 g5 43. Nh5 Kc7 44. Ng3 Nd6 45. Nf5 Nexf5+ 46. Bxf5 b6 47. Kf3 Kd8 48. Ke3 Ke7 49. Kd3 Kd8 50. Kc3 Kc7 51. Kb4 Nb7 52. Kc3 Nd6 53. Kd3 Kd8 54. b4 b5 55. c5 Ne8 56. Ke4 Nc7 57. a3 Nd5 58. g3 Ke7 59. Kd3 Kd8 60. Kd2 Ke7 1/2-1/2

[Event "Greifswald op"]
[Site "Greifswald"]
[Date "2003.08.31"]
[Round "6"]
[White "Sommer, Stefan"]
[Black "Pitz, Marko"]
[Result "1-0"]
[WhiteElo "1686"]
[BlackElo "1284"]
[PlyCount "61"]
[EventDate "2003.08.??"]
[EventType "swiss"]
[EventRounds "7"]
[EventCountry "GER"]
[SourceTitle "EXT 2005"]
[Source "ChessBase"]
[SourceDate "2004.11.15"]
[SourceVersion "1"]
[SourceVersionDate "2004.11.15"]
[SourceQuality "1"]

1. e4 e5 2. Nf3 Nc6 3. Bb5 a6 4. Ba4 Nf6 5. 0-0 Bc5 6. Bxc6 dxc6 7. Nxe5 0-0 8. d3 Ba7 9. Nc3 Qe7 10. Nc4 Bg4 11. Qe1 Nh5 12. Be3 Bxe3 13. Nxe3 Qg5 14. Nxg4 Qxg4 15. Qe2 Qg6 16. f4 f5 17. e5 Rae8 18. Rf3 Re6 19. Raf1 Nf6 20. Qd1 Nd7 21. Rg3 Qe8 22. Ne2 Nxe5 23. fxe5 Rxe5 24. Nf4 Re3 25. Rxe3 Qxe3+ 26. Rf2 g5 27. Nh5 f4 28. Qd2 Qe8 29. Qe2 Qf7 30. Qg4 h6 31. Rxf4 1-0

[Event "Greifswald Ryck op"]
[Site "Greifswald"]
[Date "2002.08.24"]
[Round "2"]
[White "Pitz, Marko"]
[Black "Pruesse, Horst"]
[Result "0-1"]
[WhiteElo "1286"]
[BlackElo "2148"]
[PlyCount "76"]
[EventDate "2002.08.??"]
[EventType "swiss"]
[EventRounds "7"]
[EventCountry "GER"]
[SourceTitle "EXT 2005"]
[Source "ChessBase"]
[SourceDate "2004.11.15"]
[SourceVersion "1"]
[SourceVersionDate "2004.11.15"]
[SourceQuality "1"]

1. d4 c5 2. d5 e5 3. dxe6 fxe6 4. e4 d5 5. Nf3 Nc6 6. e5 Nge7 7. Bf4 Qb6 8. Nc3 Qxb2 9. Nb5 Nb4 10. Nd6+ Kd7 11. Rc1 Ng6 12. Bb5+ Nc6 13. Rb1 Qa3 14. Nc4 Qxa2 15. Rb2 Qxb2 16. Nxb2 Nxf4 17. 0-0 Be7 18. c4 a6 19. Ba4 Kc7 20. cxd5 Nxd5 21. Bxc6 Kxc6 22. Nd4+ cxd4 23. Qxd4 b5 24. Rc1+ Kb7 25. Nd3 Bd7 26. Nc5+ Bxc5 27. Rxc5 Rac8 28. h3 Rhf8 29. Rxd5 exd5 30. Qxd5+ Bc6 31. Qd6 Rfe8 32. f4 Rcd8 33. Qb4 Rd1+ 34. Kh2 Red8 35. Qe7+ R8d7 36. Qxd7+ Bxd7 37. g4 g6 38. Kg3 b4 0-1